00337nam a2200133Ia 4500008004100000041000800041082001900049100001400068245003200082250000700114260004200121300003100163365000900194240624s9999 xx 000 0 und d aeng a332.632042 STE aSTEIN BEN aYES YOU CAN TIME THE MARKET a11 c2003aNew JerseybJohn Wiley and Sons axii, : 193 : p. : cm. ; 23 cb30